[Event "MTO"]
[Site "Biel SUI"]
[Date "2007.07.23"]
[Round "1"]
[White "Sorm,D"]
[Black "Nepomniachtchi,I"]
[Result "0-1"]
[WhiteElo "2395"]
[BlackElo "2613"]

1.d4 Nf6 2.c4 g6 3.Nc3 d5 4.cxd5 Nxd5 5.e4 Nxc3 6.bxc3 Bg7 7.Nf3 c5 8.Be2 O-O
9.O-O Qa5 10.Bg5 cxd4 11.cxd4 Bg4 12.e5 Nc6 13.h3 Be6 14.Qd2 Qxd2 15.Bxd2 Rfd8
16.Be3 Rac8 17.Rfb1 Rc7 18.a4 Bd5 19.a5 e6 20.Nd2 Bf8 21.Ra4 Ne7 22.a6 bxa6
23.Rxa6 Nf5 24.Bf3 Nxe3 25.fxe3 Bh6 26.Ra3 Rc2 27.Ne4 Kg7 28.Nc5 Bc4 29.Kh2 a6
30.Kg3 Kg8 31.Rb6 Bf8 32.Rc6 Bb5 33.Rc7 f6 34.Ra7 fxe5 35.Ne4 Bg7 36.Bg4 Bc4
37.Ng5 Re8 38.Rc7 Ra2 39.Rxa2 Bxa2 40.Rd7 exd4 41.exd4 Bd5 42.Rd6 Bxd4 43.Bxe6+ Bxe6
44.Rxd4 Bf5 45.Ra4 Bd3 46.Kf4 Bb5 47.Ra3 Ra8 48.Ne6 Bc4 49.Nc5 a5 50.g4 Bb5
51.Ke5 a4 52.g5 Re8+ 53.Kd6 Rd8+ 54.Ke7 Rd5 55.Rf3 Rf5 56.Rc3 h6 57.h4 hxg5
58.hxg5 a3 59.Nd7 Rf7+  0-1

[Event "29th Politiken Cup"]
[Site "Copenhagen DEN"]
[Date "2007.07.24"]
[Round "5"]
[White "Holm,S"]
[Black "Andersen,Mad"]
[Result "1-0"]
[WhiteElo "2262"]
[BlackElo "2070"]

1.d4 Nf6 2.c4 g6 3.Nc3 d5 4.cxd5 Nxd5 5.e4 Nxc3 6.bxc3 Bg7 7.Bc4 c5 8.Ne2 O-O
9.O-O Nc6 10.Be3 Bd7 11.Rc1 Qc7 12.f4 Rad8 13.f5 Na5 14.Bd3 b6 15.Qe1 cxd4
16.cxd4 Qd6 17.Qh4 Nc6 18.d5 Ne5 19.Bf4 Qb4 20.Bb1 Bb5 21.Rfe1 Nd3 22.Bxd3 Bxd3
23.Ng3 Bb2 24.d6 Bxc1 25.Rxc1 Qd4+ 26.Kh1 exd6 27.f6 Kh8 28.Bh6 Rc8 29.Bg7+ Kg8
30.Rg1 Qe3 31.Bh6 Qf2 32.Nf5 Rfe8 33.Qxf2  1-0

[Event "33rd Open"]
[Site "Sitges ESP"]
[Date "2007.07.25"]
[Round "8"]
[White "Czakon,J"]
[Black "Jerez Perez,A"]
[Result "1/2-1/2"]
[WhiteElo "2505"]
[BlackElo "2397"]

1.d4 Nf6 2.c4 g6 3.Nc3 d5 4.cxd5 Nxd5 5.e4 Nxc3 6.bxc3 Bg7 7.Nf3 O-O 8.Rb1 c5
9.Be2 cxd4 10.cxd4 Qa5+ 11.Bd2 Qxa2 12.O-O Bg4 13.Be3 Nc6 14.d5 Na5 15.Bg5 Qa3
16.Re1 Bxf3 17.Bxf3 Qd6 18.Qe2 Be5 19.g3 b6 20.Bg4 Nb7 21.Qe3 Qc7 22.Rbc1 Nc5
23.f4 Bf6 24.Bh6 Bg7 25.Bxg7 Kxg7 26.e5 a5 27.Rcd1 a4 28.f5 f6 29.d6 exd6
30.exd6 Qf7 31.fxg6 hxg6 32.Qd4 Ra7 33.d7 Rd8 34.Qd6 f5 35.Re7 Raxd7 36.Qe5+ Kg8
37.Rdxd7 Nxd7 38.Qd6 fxg4 39.Rxf7 Kxf7 40.Qd5+ Ke7 41.Qe4+ Kd6 42.Qxa4 Nf6
43.Qc2 Ke6 44.Qb3+ Ke7 45.Qb4+ Kf7 46.Kf2 b5 47.Qxb5 Rd2+ 48.Ke3 Rxh2 49.Qc4+ Ke7
50.Qc7+ Kf8 51.Qf4 Kf7 52.Qc4+ Ke7 53.Qb4+ Kf7 54.Qb3+ Ke7 55.Qb1 Kf7 56.Qb7+ Kf8  1/2-1/2

[Event "29th Politiken Cup"]
[Site "Copenhagen DEN"]
[Date "2007.07.26"]
[Round "7"]
[White "Nyback,T"]
[Black "Bae,T"]
[Result "1/2-1/2"]
[WhiteElo "2567"]
[BlackElo "2364"]

1.d4 Nf6 2.c4 g6 3.Nc3 d5 4.cxd5 Nxd5 5.e4 Nxc3 6.bxc3 Bg7 7.Nf3 c5 8.Rb1 O-O
9.Be2 b6 10.O-O Bb7 11.Qd3 e6 12.Bg5 Qc7 13.Qe3 Nd7 14.Nd2 Rfc8 15.e5 cxd4
16.cxd4 Qc3 17.Bd3 Bd5 18.Ne4 Bxe4 19.Qxe4 Qa3 20.Rbc1 h6 21.Be3 Nf8 22.Bc4 Qb4
23.Ba6 Rxc1 24.Rxc1 Rd8 25.h3 Qa4 26.Bc4 Rc8 27.Bb3 Rxc1+ 28.Bxc1 Qb4 29.Be3 a5
30.Qc2 b5 31.Qd2 Qa3 32.Bd1 Nd7 33.Be2 b4 34.d5 exd5 35.f4 b3 36.axb3 Qxb3
37.Bf3 Nb6 38.Bf2 a4 39.Qa5 Nc4 40.Qa8+ Kh7 41.Bxd5 Qd1+ 42.Kh2 Qd2 43.Kg3 Nxe5
44.fxe5 Bxe5+ 45.Kf3 Qd3+ 46.Be3 Qf1+ 47.Bf2 Bd4 48.Ke4 Qxf2 49.Kd3 Qe3+
50.Kc4 Bg7 51.Kb5 Qd4 52.Bf3 Qd7+ 53.Bc6 Qf5+ 54.Kxa4 Bc3 55.Qb7 Kg7 56.Be4 Qf4
57.Kb3 Be5 58.Qd5 h5 59.Bd3 Qe3 60.Ka4 Qd4+ 61.Qxd4 Bxd4 62.Kb3 f5 63.Kc2 Kf6
64.Kd2 Ke5 65.Ke2 Kf4 66.Kf1 g5 67.g3+ Kxg3 68.Bxf5 g4 69.hxg4 h4 70.g5 h3
71.Bxh3 Kxh3 72.g6 Kg4 73.g7 Bxg7  1/2-1/2

[Event "29th Politiken Cup"]
[Site "Copenhagen DEN"]
[Date "2007.07.27"]
[Round "8"]
[White "Rossen,C"]
[Black "Pedersen,Di"]
[Result "1-0"]
[WhiteElo "2189"]
[BlackElo "2082"]

1.d4 Nf6 2.c4 g6 3.Nc3 d5 4.cxd5 Nxd5 5.e4 Nxc3 6.bxc3 Bg7 7.Bc4 c5 8.Ne2 Nc6
9.Be3 O-O 10.O-O Bd7 11.dxc5 Na5 12.Bd3 Be6 13.Bd4 Bh6 14.f4 Qc7 15.f5 Bc4
16.Bxc4 Nxc4 17.Qd3 Ne5 18.Qg3 Bg7 19.Nf4 Nc6 20.Bxg7  1-0

[Event "29th Politiken Cup"]
[Site "Copenhagen DEN"]
[Date "2007.07.27"]
[Round "8"]
[White "Hvenekilde,J"]
[Black "Andersen,Har"]
[Result "1-0"]
[WhiteElo "2231"]
[BlackElo "1912"]

1.d4 Nf6 2.c4 g6 3.Nc3 d5 4.cxd5 Nxd5 5.e4 Nxc3 6.bxc3 Bg7 7.Be3 O-O 8.Qd2 c5
9.Nf3 Qa5 10.Be2 Rd8 11.Rd1 Nd7 12.O-O Nf6 13.Qc2 cxd4 14.cxd4 Bd7 15.Qb1 Rac8
16.h3 b5 17.Nd2 Qb6 18.Nb3 a5 19.d5 Qc7 20.Rc1 Qe5 21.Bf3 a4 22.Nc5 Be8 23.Nd3 Qb8
24.Bf4 Qb6 25.Be3 Qb8 26.Nb4 Qd6 27.g3 Bd7 28.Kg2 Ne8 29.Rfd1 Rxc1 30.Bxc1 Rc8
31.Nd3 Qc7 32.Bg5 f6 33.Rc1 Qb8 34.Bf4 Qb6 35.Be3 Rxc1 36.Qxc1 Qb8 37.Nc5 Bc8
38.Bg4 f5 39.exf5 gxf5 40.Bf3 Qe5 41.Nxa4 Bb7 42.Nb6 e6 43.Qc5 exd5 44.Bf4 Qe1
45.Nxd5 Kh8 46.Qxb5 Ba8 47.Be3  1-0

[Event "Najdorf Mem GpA"]
[Site "Grodzisk Mazowiecki POL"]
[Date "2007.07.27"]
[Round "8"]
[White "Sarwinski,M"]
[Black "Gluszko,T"]
[Result "1-0"]
[WhiteElo "2313"]
[BlackElo "2119"]

1.d4 Nf6 2.c4 g6 3.Nc3 d5 4.cxd5 Nxd5 5.e4 Nxc3 6.bxc3 Bg7 7.Be3 O-O 8.Nf3 c5
9.Be2 Nc6 10.O-O cxd4 11.cxd4 Bg4 12.d5 Ne5 13.Nd4 Bxe2 14.Qxe2 Rc8 15.Qb5 Ng4
16.Qxb7 Rc3 17.h3 Rxe3 18.fxe3 Nxe3 19.Qxa7 Nxf1 20.Nc6 Qd6 21.Rxf1 Bf6 22.a4 Rc8
23.Rxf6  1-0

[Event "29th Politiken Cup"]
[Site "Copenhagen DEN"]
[Date "2007.07.28"]
[Round "9"]
[White "Nielsen,CarsJ"]
[Black "Rossen,C"]
[Result "0-1"]
[WhiteElo "2120"]
[BlackElo "2189"]

1.d4 Nf6 2.c4 g6 3.Nc3 d5 4.cxd5 Nxd5 5.e4 Nxc3 6.bxc3 Bg7 7.Qa4+ Nd7 8.Be3 O-O
9.Rc1 c6 10.Nf3 e5 11.Be2 Re8 12.Qb3 exd4 13.cxd4 Qa5+ 14.Bd2 Qb6 15.Qd3 Nf6
16.Ne5 Be6 17.O-O Bxa2 18.Ra1 Be6 19.Ba5 Qb3 20.Qd2 Nxe4 21.Qc1 Qd5 22.Rd1 c5
23.Bc4 Qd6 24.Bb5 Rec8 25.Qf4 Bd5 26.Nxg6 hxg6 27.Qxd6 Nxd6 28.Bd7 Bxd4 29.Bxc8 Bxa1
30.Rxd5 Nxc8  0-1

[Event "ch-Gdansk"]
[Site "Gdansk POL"]
[Date "2007.07.29"]
[Round "9"]
[White "Lubczynski,R"]
[Black "Kozakov,M"]
[Result "1/2-1/2"]
[WhiteElo "2368"]
[BlackElo "2423"]

1.d4 Nf6 2.c4 g6 3.Nc3 d5 4.cxd5 Nxd5 5.e4 Nxc3 6.bxc3 Bg7 7.Bc4 c5 8.Ne2 O-O
9.O-O cxd4 10.cxd4 Nc6 11.Be3 b6 12.Rc1 Bb7 13.Qd2 e6 14.Rfd1 Rc8 15.Bh6 Qh4
16.Bxg7 Kxg7 17.Qe3 Na5 18.Bd3 Rxc1 19.Rxc1 Rc8 20.Rxc8 Bxc8 21.d5 exd5 22.exd5 Qf6
23.h3 Nb7 24.Ba6  1/2-1/2

[Event "94th ch-GBR"]
[Site "Great Yarmouth ENG"]
[Date "2007.07.29"]
[Round "1"]
[White "Rowson,J"]
[Black "Knott,S"]
[Result "1-0"]
[WhiteElo "2599"]
[BlackElo "2374"]

1.d4 Nf6 2.c4 g6 3.Nc3 d5 4.cxd5 Nxd5 5.e4 Nxc3 6.bxc3 Bg7 7.Bc4 c5 8.Ne2 O-O
9.O-O Nc6 10.Be3 Qc7 11.Rc1 Rd8 12.Bf4 Qd7 13.dxc5 Qe8 14.Bd5 Bd7 15.Qd3 e6
16.Bb3 Na5 17.Bd6 b6 18.Qe3 Ba4 19.Bc7 Rdc8 20.cxb6 axb6 21.Bxb6 Nxb3 22.axb3 Bxb3
23.Nd4 Bc4 24.Rfd1 e5 25.Nf3 Bb3 26.Re1 Be6 27.Bc5 Qc6 28.Bb4 Qa6 29.h3 Qa7
30.Qxa7 Rxa7 31.Ra1 Rb7 32.Ra3 f6 33.Rd1 Kf7 34.Ne1 f5 35.Nf3 Bf6 36.Ra5 fxe4
37.Nxe5+ Bxe5 38.Rxe5 Bb3 39.Rd6 Re8 40.Rxe8 Kxe8 41.Bc5 Rc7 42.Bd4 Ke7 43.Rb6 Bc4
44.Kh2 Bf1 45.Kg3 Kd7 46.h4 Rc6 47.Rb7+ Rc7 48.Rb1 Bd3 49.Ra1 Rc6 50.Ra7+ Rc7
51.Ra5 Rc6 52.Kf4 Ra6 53.Rc5 h6 54.Bg7 Ra2 55.Kg3 h5 56.Bd4 Ra6 57.Kf4 Bf1
58.g3 Bd3 59.Kg5 Rc6 60.Ra5 Ra6 61.Rxa6 Bxa6 62.Kxg6 Be2 63.f4 exf3 64.Bf2  1-0

[Event "Valoz Cup GMA"]
[Site "Olomouc CZE"]
[Date "2007.08.01"]
[Round "1"]
[White "Bernasek,J"]
[Black "Grandelius,N"]
[Result "1-0"]
[WhiteElo "2517"]
[BlackElo "2271"]

1.d4 Nf6 2.c4 g6 3.Nc3 d5 4.cxd5 Nxd5 5.e4 Nxc3 6.bxc3 Bg7 7.Bc4 c5 8.Ne2 O-O
9.O-O Nc6 10.Be3 Bd7 11.Rb1 a6 12.d5 Ne5 13.Bb3 Qa5 14.Qd2 Rac8 15.Bg5 Rfe8
16.f4 c4 17.fxe5 cxb3 18.Rxb3 Bxe5 19.Rxb7 Qc5+ 20.Be3 Qd6 21.h3 Bb5 22.Bd4 Bxd4+
23.cxd4 Rc4 24.Rf3 Rec8 25.Nc3 f6 26.Nxb5 axb5 27.Qf4 Qb4 28.d6 Rc1+ 29.Kh2 Qb1
30.dxe7 Rh1+ 31.Kg3 Qe1+ 32.Rf2 Rc3+ 33.Kh4 g5+ 34.Kg4 Rg3+ 35.Qxg3 Kf7 36.e8=Q+ Kxe8
37.Qb8+  1-0

[Event "MTO"]
[Site "Biel SUI"]
[Date "2007.08.02"]
[Round "10"]
[White "Arun Prasad,S"]
[Black "Shipov,S"]
[Result "1/2-1/2"]
[WhiteElo "2448"]
[BlackElo "2559"]

1.d4 Nf6 2.c4 g6 3.Nc3 d5 4.cxd5 Nxd5 5.e4 Nxc3 6.bxc3 Bg7 7.Bc4 c5 8.Ne2 Nc6
9.Be3 O-O 10.O-O Bd7 11.Rb1 Na5 12.Bd3 Rc8 13.d5 e5 14.f4 b6 15.f5 c4 16.Bc2 Nb7
17.Qd2 Nd6 18.Ng3 f6 19.h4 Rf7 20.fxg6 hxg6 21.h5 gxh5 22.Nxh5 Bg4 23.Ng3 Qd7
24.Bd1 Kh7 25.Bf3 Bxf3 26.gxf3 f5 27.exf5 Nxf5 28.Qc2 Bh6 29.Nxf5 Qxf5 30.Qxf5+ Rxf5
31.Bxh6 Kxh6 32.Rb2 Rd8 33.Rd2 Kg5 34.Kg2 Kf6 35.Rh1 e4 36.Rh6+ Kg5 37.fxe4 Re5
38.Rh7 Rxe4 39.Rxa7 Re3 40.Rg7+ Kf5 41.Rf7+ Kg5 42.Rf3 Rxf3 43.Kxf3 Kf5 44.a4 Ke5
45.Re2+ Kd6 46.Rb2 Kc5 47.Re2 Kd6 48.Rb2  1/2-1/2

[Event "Scandinavian Chess Tournament"]
[Site "Taby SWE"]
[Date "2007.08.04"]
[Round "1"]
[White "Cleanthous,D"]
[Black "Bae,T"]
[Result "0-1"]
[WhiteElo "2012"]
[BlackElo "2364"]

1.d4 Nf6 2.c4 g6 3.Nc3 d5 4.cxd5 Nxd5 5.e4 Nxc3 6.bxc3 Bg7 7.Bc4 c5 8.Ne2 O-O
9.O-O Nc6 10.Be3 Bd7 11.Rb1 Qc7 12.Qc1 e6 13.Rd1 Na5 14.Bb5 Bxb5 15.Rxb5 b6
16.Rb1 Qc6 17.f3 Qa4 18.dxc5 Nc4 19.Bh6 Qxa2 20.Bxg7 Kxg7 21.Nd4 Rfe8 22.Ra1 Qb2
23.Qxb2 Nxb2 24.Rdb1 Nd3 25.cxb6 axb6 26.g3 Rxa1 27.Rxa1 Rc8 28.Ra3 Nc5 29.e5 g5
30.Ra7 Kg6 31.Ne2 Nd3 32.f4 gxf4 33.gxf4 Rc4 34.f5+ exf5 35.Rb7 Nxe5 36.Rxb6+ Kg5
37.Rb5 f6 38.Rb7 f4 39.Rb4 f3 40.Rxc4 Nxc4 41.Nd4 Nd2 42.Kf2 Kf4 43.Ne6+ Kg4
44.Nc5 h5 45.Ke1 Nb1 46.c4 Na3 47.Ne4 Nxc4 48.Nxf6+ Kg5 49.Nd5 h4 50.Kf2 Ne5
51.Ne3 Kf4 52.Nd5+ Kg4 53.Ne3+ Kg5 54.Nd5 Kf5 55.Nc3 Kg4 56.Ne4 Kf4 57.Nf6 Nd3+
58.Kf1 Kf5 59.Nd5 Kg4 60.Ne3+ Kh3 61.Nf5 Kg4 62.Nd4 Nc5 63.Kf2 Ne4+ 64.Ke3 f2
65.Ke2 Kf4 66.Kf1 Kg5 67.Ke2 Kg4 68.Kf1 Kh3 69.Nf3 Kg4 70.Ne5+ Kf4 71.Nc4 Kf3
72.Ne5+ Ke3 73.Ng4+ Kf3 74.Ne5+ Kf4 75.Nc4 Kf5 76.Ke2 Kg4 77.Ne3+ Kh3 78.Nf5 Kxh2
79.Nxh4 Kh3 80.Nf5 Kg2 81.Ne3+ Kg1 82.Kf3 Nc3 83.Kg3 Nd1 84.Kf3 Nxe3  0-1

[Event "Arctic Chess Challenge"]
[Site "Tromso NOR"]
[Date "2007.08.05"]
[Round "2"]
[White "Thingstad,E"]
[Black "Toma,K"]
[Result "0-1"]
[WhiteElo "1893"]
[BlackElo "2275"]

1.d4 Nf6 2.c4 g6 3.Nc3 d5 4.cxd5 Nxd5 5.e4 Nxc3 6.bxc3 Bg7 7.Bc4 c5 8.Ne2 O-O
9.O-O Nc6 10.Be3 Qc7 11.Rc1 Rd8 12.a4 b6 13.Qb3 e6 14.Qa2 Na5 15.Bd3 e5 16.Rfd1 Qe7
17.dxc5 Be6 18.c4 bxc5 19.Nc3 Nc6 20.Nd5 Qd6 21.Rb1 Rdb8 22.Rd2 Nd4 23.Rdb2 Bf8
24.a5 h6 25.Rb7 Rxb7 26.Rxb7 Bc8 27.Rb2 Ba6 28.Qb1 Qd8 29.Bd2 Nc6 30.Bc3 Bd6
31.Qa1 Nd4 32.Qc1 Kg7 33.Bd2 Qh8 34.Be3 Re8 35.Qc3 f6 36.f4 Rb8 37.f5 g5
38.Qc1 Qc8 39.Rb1 Rxb1 40.Qxb1 Qb8 41.Qxb8 Bxb8 42.Bxd4 exd4 43.h3 Bd6 44.Kf2 Kf7
45.g3 Be7 46.Nc7 Bc8 47.a6 Bd6 48.Ne6 Ke7 49.h4 g4 50.Be2 Bxa6 51.Bxg4 Bxc4
52.Be2 Bb3 53.Ba6 c4 54.Ke2 d3+ 55.Ke3 Bb4 56.Nf4 d2 57.Nd5+ Kd6 58.Nxb4 d1=Q  0-1

[Event "HZ Open"]
[Site "Vlissingen NED"]
[Date "2007.08.05"]
[Round "2"]
[White "Sparreboom,W"]
[Black "Tiggelman,R"]
[Result "0-1"]
[WhiteElo "1984"]
[BlackElo "2210"]

1.d4 Nf6 2.c4 g6 3.Nc3 d5 4.cxd5 Nxd5 5.e4 Nxc3 6.bxc3 Bg7 7.Bc4 c5 8.Ne2 Nc6
9.Be3 O-O 10.O-O Bd7 11.Kh1 Na5 12.Bd3 cxd4 13.cxd4 Rc8 14.Rc1 Rxc1 15.Qxc1 b5
16.d5 a6 17.Qa3 f5 18.Bc5 fxe4 19.Bxe4 Nc4 20.Qd3 Bf5 21.Ng3 Qc7 22.Bd4 Ne5
23.Qc3 Qxc3 24.Bxc3 Bd7 25.Bb4 Kf7 26.Bc2 Rc8 27.Bb3 Nd3 28.Bc2 Nc5 29.Bd1 a5
30.Bxa5 Ra8 31.Bb6 Na4 32.Be3 Nc3 33.Bb3 Nxa2 34.Ne4 Ra3 35.Nc5 Ke8 36.h3 Nc3
37.Re1 Na4 38.Bxa4 bxa4 39.Nxd7 Kxd7 40.Bc5 Ra1 41.Rxa1 Bxa1 42.Ba3 Be5 43.Kg1 Bd6
44.Bb2 a3 45.Bc3 e6 46.Kf1 exd5 47.g3 Ke6 48.f4 Be7  0-1

[Event "HZ Open"]
[Site "Vlissingen NED"]
[Date "2007.08.05"]
[Round "3"]
[White "Hugaert,A"]
[Black "Pg,Mohd Omar Ak Hiraw"]
[Result "1/2-1/2"]
[WhiteElo "2041"]
[BlackElo "2344"]

1.c4 Nf6 2.Nc3 d5 3.cxd5 Nxd5 4.d4 g6 5.e4 Nxc3 6.bxc3 Bg7 7.Bc4 c5 8.Ne2 Nc6
9.Be3 cxd4 10.cxd4 O-O 11.O-O Bg4 12.f3 Bd7 13.Rb1 Rc8 14.Bd3 Na5 15.d5 b6
16.Ba6 Ra8 17.Qd2 Bc8 18.Bb5 Bd7  1/2-1/2

[Event "UTwente YM"]
[Site "Hengelo NED"]
[Date "2007.08.07"]
[Round "3"]
[White "Lysyj,I"]
[Black "Braun,A"]
[Result "1-0"]
[WhiteElo "2578"]
[BlackElo "2540"]

1.d4 Nf6 2.c4 g6 3.Nc3 d5 4.cxd5 Nxd5 5.e4 Nxc3 6.bxc3 Bg7 7.Bg5 O-O 8.Nf3 c5
9.Rc1 cxd4 10.cxd4 Bg4 11.d5 h6 12.Be3 e6 13.Bc4 exd5 14.Bxd5 Nc6 15.h3 Bxf3
16.Qxf3 Nb4 17.O-O Nxd5 18.exd5 Qd7 19.d6 Rfc8 20.Bf4 Rc6 21.Rxc6 bxc6 22.Qg4 Rd8
23.Qxd7 Rxd7 24.Rc1 g5 25.Bh2 f5 26.Rxc6 Kf7 27.f4 Ke6 28.fxg5 hxg5 29.Kf2 f4
30.h4 Be5 31.hxg5 Kf5 32.Kf3 Kxg5 33.Ke4 Kf6 34.Bxf4 Bxf4 35.Kxf4 Ke6 36.g4 Rb7
37.Ra6 Rb4+ 38.Kg5  1-0

[Event "Tsiolkovsky Mem"]
[Site "Kaluga RUS"]
[Date "2007.08.07"]
[Round "5"]
[White "Nachev,S"]
[Black "Kozlov,Vladimir"]
[Result "1-0"]
[WhiteElo "2424"]
[BlackElo "2094"]

1.d4 Nf6 2.c4 g6 3.Nc3 d5 4.cxd5 Nxd5 5.e4 Nxc3 6.bxc3 Bg7 7.Nf3 c5 8.Rb1 O-O
9.Be2 b6 10.O-O Bb7 11.Qd3 cxd4 12.cxd4 Ba6 13.Qe3 Qd7 14.Bxa6 Nxa6 15.Ba3 Rfc8
16.Qe2 Nc7 17.d5 Ne8 18.Rfd1 Nd6 19.Bb2 Bxb2 20.Rxb2 Qa4 21.e5 Nc4 22.Rb3 Na5
23.Rbd3 Rc2 24.Qe3 Qe8 25.Ng5 f6 26.exf6 exf6 27.Ne4 Kg7 28.d6 Nc4 29.Qf3 Qf8
30.Rd4 Ne5 31.Qb3 Rcc8 32.d7 Rd8 33.f4 Nf7 34.Qe6 Nh6 35.Nd6 Nf5 36.Nxf5+ gxf5
37.Qxf5 Qc5 38.Qxc5 bxc5 39.Rc4 Rab8 40.Rxc5 Rb7 41.Rcd5 Kf7 42.Kf2 Rb4 43.Kf3 Ra4
44.R1d2 Rc4 45.Kg4 Kg6 46.Re2 h5+ 47.Kh3 Rc7 48.Re7 Rc3+ 49.Kh4 a5 50.h3 a4
51.f5+ Kh6 52.Rd6  1-0

[Event "94th ch-GBR"]
[Site "Great Yarmouth ENG"]
[Date "2007.08.08"]
[Round "9"]
[White "Buckley,G"]
[Black "Poobalasingam,P"]
[Result "1-0"]
[WhiteElo "2379"]
[BlackElo "2133"]

1.d4 Nf6 2.c4 g6 3.Nc3 d5 4.cxd5 Nxd5 5.e4 Nxc3 6.bxc3 Bg7 7.Be3 c5 8.Bb5+ Nd7
9.Qd2 Qa5 10.Rb1 a6 11.Bd3 cxd4 12.cxd4 Qxd2+ 13.Kxd2 O-O 14.Ne2 Nb8 15.Rhc1 Nc6
16.f4 f5 17.exf5 gxf5 18.d5 Nb8 19.Rc7 Nd7 20.Ng3 Nf6 21.Nxf5 Nxd5 22.Nxe7+ Nxe7
23.Rxe7 Rd8 24.g4 Bf8 25.Re5 Bg7 26.Rg5 b5 27.Ke2 Be6 28.f5 Bxa2 29.f6 Rxd3
30.Rxg7+ Kh8 31.Kxd3 Bxb1+ 32.Kc3 Rd8 33.Bb6 Rc8+ 34.Kb2 Bg6 35.Bd4 Rc4 36.Be5 Re4
37.Rxg6 Re2+ 38.Kb3 Re3+ 39.Kb4 Re4+ 40.Ka5 Rxe5 41.f7 b4+ 42.Ka4  1-0

[Event "HZ Open"]
[Site "Vlissingen NED"]
[Date "2007.08.08"]
[Round "6"]
[White "Porte,H"]
[Black "Westerweele,M"]
[Result "1/2-1/2"]
[WhiteElo "2105"]
[BlackElo "1940"]

1.d4 Nf6 2.c4 g6 3.Nc3 d5 4.cxd5 Nxd5 5.e4 Nxc3 6.bxc3 Bg7 7.Bc4 c5 8.Ne2 O-O
9.O-O Nc6 10.Be3 cxd4 11.cxd4 Na5 12.Bd3 b6 13.Qd2 Bb7 14.Rac1 Qd7 15.Bh6 Rac8
16.Bxg7 Kxg7 17.f4 Kg8 18.f5 Rxc1 19.Qxc1 Nc6 20.Qe3 Nb4 21.Bb1 Ba6 22.Rf2 Bxe2
23.Rxe2 Nc6 24.d5 Ne5 25.Qg3 Qd6 26.Rc2 Rd8 27.Rc3 b5 28.a3 a5 29.h4 Kh8
30.fxg6 fxg6 31.Bc2 b4 32.axb4 axb4 33.Re3 Rc8 34.Bb3 Rc1+  1/2-1/2

[Event "HZ Open"]
[Site "Vlissingen NED"]
[Date "2007.08.08"]
[Round "6"]
[White "Bodicker,R"]
[Black "Tiggelman,R"]
[Result "0-1"]
[WhiteElo "2095"]
[BlackElo "2210"]

1.d4 Nf6 2.c4 g6 3.Nc3 d5 4.cxd5 Nxd5 5.e4 Nxc3 6.bxc3 Bg7 7.Nf3 c5 8.Rb1 O-O
9.Be2 Nc6 10.d5 Ne5 11.Nxe5 Bxe5 12.Qd2 e6 13.f4 Bc7 14.O-O exd5 15.exd5 Ba5
16.Bb2 Bf5 17.Rbd1 Qd6 18.Kh1 Rfe8 19.Bb5 Re7 20.Rfe1 Be4 21.f5 Bc7 22.Qh6 gxf5
23.Qxd6 Bxd6 24.c4 a6 25.Ba4 b5 26.Bb3 Rae8 27.Kg1 Rb7 28.Bf6 Rb6 29.Bc3 Bb8
30.Re2 Rh6 31.g3 f4 32.Rde1 f5 33.Bc2 fxg3 34.Bxe4 gxh2+ 35.Kh1 Rxe4 36.Rxe4 fxe4
37.Rxe4 Kf7 38.Be5 Bxe5 39.Rxe5 bxc4 40.d6 Rxd6 41.Rxc5 Rd4 42.Kxh2 Ke6 43.a4 Kd6
44.Rc8 Kd5 45.a5 Rd2+ 46.Kg1 Ra2  0-1

[Event "Open"]
[Site "Callao PER"]
[Date "2007.08.09"]
[Round "2"]
[White "Cori T.,D"]
[Black "Lujan,C"]
[Result "0-1"]
[WhiteElo "2144"]
[BlackElo "2394"]

1.d4 Nf6 2.c4 g6 3.Nc3 d5 4.cxd5 Nxd5 5.e4 Nxc3 6.bxc3 Bg7 7.Bb2 O-O 8.Nf3 c5
9.Be2 cxd4 10.cxd4 Qa5+ 11.Qd2 Qxd2+ 12.Nxd2 Nc6 13.Nb3 Rd8 14.Rd1 Be6 15.d5 Bxb2
16.dxe6 Bc3+ 17.Kf1 Rxd1+ 18.Bxd1 fxe6 19.Bg4 Kf7 20.Ke2 h5 21.Bh3 e5 22.Rc1 Nd4+
23.Ke3 Bb2 24.Rc7 b6 25.Bd7 a5 26.Nd2 b5 27.Nf3 Nxf3 28.Kxf3 b4 29.Ba4 Bd4
30.Ke2 Ra6 31.Bb3+ Kf6 32.Rc8 a4 33.Bc4 Ra7 34.Rf8+ Kg7 35.Rg8+ Kh7 36.Rb8 b3
37.f3 b2 38.h4 Rc7 39.Kd3 a3 40.g4 Ba7 41.Rb5 Bf2 42.gxh5 gxh5 43.f4 Bxh4
44.fxe5 Bg3 45.e6 h4 46.Kd4 Bf2+ 47.Kc3 h3 48.Rh5+ Kg6  0-1

[Event "HZ Open"]
[Site "Vlissingen NED"]
[Date "2007.08.09"]
[Round "7"]
[White "Galle,A"]
[Black "Beeke,B"]
[Result "0-1"]
[WhiteElo "1992"]
[BlackElo "2191"]

1.d4 Nf6 2.c4 g6 3.Nc3 d5 4.cxd5 Nxd5 5.e4 Nxc3 6.bxc3 Bg7 7.Bc4 c5 8.Ne2 O-O
9.O-O Nc6 10.Be3 Qc7 11.Rc1 Rd8 12.Qd2 b6 13.Bh6 Bh8 14.f4 e6 15.e5 Na5 16.Bd3 Bb7
17.Qe3 Qc6 18.Qg3 Qa4 19.h4 Nc6 20.Bg5 Rd7 21.f5 cxd4 22.fxe6 fxe6 23.Bf6 Bg7
24.h5 gxh5 25.Nf4 dxc3 26.Bxh7+ Kxh7 27.Qg6+ Kg8 28.Nxh5 Qd4+ 29.Kh1 Qd3
30.Qg5 Nd4 31.Nxg7 Qh3+ 32.Kg1 Ne2+ 33.Kf2 Qxg2+ 34.Qxg2 Bxg2 35.Nxe6 Nxc1
36.Rxc1 Bd5 37.Nf4 Rc8 38.Rg1+ Kf8 39.Nxd5 Rxd5 40.Rh1 Kf7 41.Ke3 c2 42.Ke4 Ke6
43.Rh6 Rc4+  0-1

[Event "It"]
[Site "Kemerovo RUS"]
[Date "2007.08.10"]
[Round "7"]
[White "Klimov,A"]
[Black "Kornev,Alexa"]
[Result "1/2-1/2"]
[WhiteElo "2356"]
[BlackElo "2336"]

1.d4 Nf6 2.c4 g6 3.Nc3 d5 4.cxd5 Nxd5 5.e4 Nxc3 6.bxc3 Bg7 7.Bc4 c5 8.Ne2 O-O
9.O-O Nd7 10.Bg5 cxd4 11.cxd4 h6 12.Be3 Kh7 13.Rc1 Nb6 14.Bb3 Bd7 15.d5 Bb5
16.a4 Ba6 17.Qd2 Qd7 18.a5 Na4 19.Bc4 Bxc4 20.Rxc4 Rfc8 21.Rfc1 Rxc4 22.Rxc4 Rc8
23.Rxc8 Qxc8 24.Bxa7 Qc4 25.f3 Nc3 26.Kf2 f5 27.Nxc3 Bxc3 28.Qe2 Qxe2+ 29.Kxe2 Bxa5
30.Bc5 fxe4 31.fxe4 Bd8 32.Kd3 Kg7 33.e5 Kf7 34.e6+ Ke8 35.Kc4 Bc7 36.h3 h5
37.Kb5 Kf8 38.Bb4 Ke8 39.Bc5 Kd8 40.Ba3 Ke8 41.Bb4 Kd8 42.Bc5 Ke8 43.g4 hxg4
44.hxg4 Kd8 45.Bb4  1/2-1/2

[Event "12th WY U16 Ol"]
[Site "Singapore SIN"]
[Date "2007.08.10"]
[Round "8"]
[White "Rajapaksha,RMCM"]
[Black "Song,A"]
[Result "0-1"]
[WhiteElo "2148"]
[BlackElo "2015"]

1.c4 Nf6 2.Nc3 d5 3.cxd5 Nxd5 4.d4 g6 5.e4 Nxc3 6.bxc3 Bg7 7.Be3 c5 8.Rc1 Qa5
9.Qd2 cxd4 10.cxd4 Qxd2+ 11.Kxd2 O-O 12.f4 Rd8 13.Ke1 f5 14.Bc4+ Kf8 15.e5 Nc6
16.Nf3 Na5 17.Bb5 a6 18.Be2 Be6 19.Ng5 Bg8 20.Rc2 h6 21.Nf3 Rac8 22.Rxc8 Rxc8
23.Bd2 Nc4 24.Bb4 a5 25.Bc5 b6 26.Bxc4 Bxc4 27.Ba3 Bxa2 28.Kd2 Kf7 29.Ra1 Bc4
30.Rc1 e6 31.Ke3 Bf8 32.Bxf8 Kxf8 33.Nd2 b5 34.Nxc4 Rxc4 35.Rd1 Rc3+ 36.Ke2 Rc2+
37.Kf3 b4 38.Ra1 Rc3+ 39.Ke2 Ra3 40.Rc1 b3 41.Rc8+ Ke7 42.Rb8 a4 43.Kd3 Ra2
44.Kc4 b2 45.Kc5 a3 46.Kc6 b1=Q 47.Rxb1 Rc2+  0-1

[Event "Open"]
[Site "Callao PER"]
[Date "2007.08.11"]
[Round "5"]
[White "Lafuente,P"]
[Black "Lujan,C"]
[Result "1/2-1/2"]
[WhiteElo "2454"]
[BlackElo "2394"]

1.d4 Nf6 2.c4 g6 3.Nc3 d5 4.cxd5 Nxd5 5.e4 Nxc3 6.bxc3 Bg7 7.Be3 c5 8.Qd2 Qa5
9.Rc1 O-O 10.Nf3 Rd8 11.d5 Nc6 12.Be2 Bg4 13.h3  1/2-1/2

[Event "12th WY U16 Ol"]
[Site "Singapore SIN"]
[Date "2007.08.11"]
[Round "9"]
[White "Tanaka,C"]
[Black "Song,A"]
[Result "1-0"]
[WhiteElo "2114"]
[BlackElo "2015"]

1.d4 Nf6 2.c4 g6 3.Nc3 d5 4.cxd5 Nxd5 5.e4 Nxc3 6.bxc3 Bg7 7.Bc4 c5 8.Ne2 O-O
9.O-O Nc6 10.Be3 Bd7 11.Rb1 a6 12.Qd2 Qc7 13.Rfc1 Rfd8 14.h3 Rac8 15.f4 b5
16.Bd3 cxd4 17.cxd4 Qa5 18.d5 Qxd2 19.Bxd2 Nd4 20.Be3 Nxe2+ 21.Bxe2 e5 22.Kf2 f5
23.fxe5 Bxe5 24.Bf3 Rxc1 25.Rxc1 Rc8 26.Rxc8+ Bxc8 27.Bc5 Kf7 28.Ke3 Ke8
29.Bd4 Bxd4+ 30.Kxd4 fxe4 31.Bxe4 Kd7 32.Kc5 Bb7 33.Bf3 g5 34.Kb6 Bc8 35.Bg4+ Kd8
36.Bxc8 Kxc8 37.Kxa6  1-0

[Event "RC Sport Open"]
[Site "Ceska Trebova CZE"]
[Date "2007.08.12"]
[Round "4"]
[White "Cedikova,K"]
[Black "Plischki,S"]
[Result "0-1"]
[WhiteElo "2178"]
[BlackElo "2397"]

1.d4 Nf6 2.c4 g6 3.Nc3 d5 4.cxd5 Nxd5 5.e4 Nxc3 6.bxc3 Bg7 7.Bc4 O-O 8.Ne2 c5
9.Be3 Nc6 10.O-O Bd7 11.Rb1 Qc7 12.Bd3 a6 13.f4 Bg4 14.d5 Na5 15.Qe1 b5 16.Ng3 Bd7
17.e5 Rfd8 18.Qf2 Rac8 19.h3 Be8 20.Be4 Nc4 21.Bc1 f6 22.d6 exd6 23.Bd5+ Kh8
24.exf6 Bxf6 25.Ne4 Qg7 26.f5 gxf5 27.Qxf5 Be7 28.Bxc4 bxc4 29.Ng5 Bg6 30.Qg4 Rf8
31.Rxf8+ Rxf8 32.Rb7 Qe5 33.Nf3 Qe2 34.Bh6 Rg8 35.Qf4 Be4 36.Bg7+ Rxg7 37.Rb8+ Rg8
38.Rxg8+ Kxg8 39.Qg4+ Bg6 40.h4 Qe4 41.Qc8+ Bf8 42.Qxa6 Qe3+ 43.Kh2 Qxc3
44.a4 Bd3 45.Qc8 Qf6 46.Qb7 Qf4+ 47.Kg1 Be4 48.Qd7 Bxf3 49.gxf3 Qg3+ 50.Kf1 Qxf3+
51.Ke1 Qe3+ 52.Kf1 c3 53.Qd8 h6  0-1

[Event "Acropolis Open"]
[Site "Athens GRE"]
[Date "2007.08.17"]
[Round "4"]
[White "Chigladze,I"]
[Black "Dounis,A"]
[Result "1/2-1/2"]
[WhiteElo "2341"]
[BlackElo "2190"]

1.d4 Nf6 2.c4 g6 3.Nc3 d5 4.cxd5 Nxd5 5.e4 Nxc3 6.bxc3 Bg7 7.Nf3 c5 8.Be3 Qa5
9.Qd2 Nc6 10.Rc1 Bg4 11.d5 Rd8 12.Be2 O-O 13.O-O e6 14.Rfd1 exd5 15.exd5 Rfe8
16.h3 Bxf3 17.Bxf3 Ne5 18.Be2 c4 19.Bg5 Rd7 20.Qe3 Rxd5 21.f4 Qc5 22.Qxc5 Rxc5
23.fxe5 Rcxe5 24.Bxc4 Rxg5 25.Rd7 Rf5 26.Rxb7 Rc8 27.g4 Rf4 28.Bd5 Bxc3 29.Kg2 a5
30.Ra7 Rc5 31.Bb3 Kg7 32.Rf1 Rxf1 33.Kxf1 h5 34.Rxf7+ Kh6 35.Rf4 hxg4 36.Rxg4 Rg5
37.Rc4 Bb4 38.Rc6 Rg3 39.Be6 Rc3 40.Ra6 Rd3 41.Ra7 Rd2 42.Bg8 Kg5 43.Rg7 Rh2
44.Rh7  1/2-1/2